000 00493nam a2200181Ia 4500
005 20250508162121.0
008 008 250505s9999 xx 000 0 hin d
037 _aTextual
040 _aFEDL
_beng
_cFEDL
041 _ahin
_2eng
084 _a891.436, SNA
_qFEDL
100 _aSnatak Vijendra
245 0 _aAnubhuti ke shan
260 _aNew Delhi, India
_bNational Publishing House
_c1980
300 _a109p
942 _cTEXL
_h891.436, SNA
999 _c1374484
_d1374484